Cuphead Death Screen Quotes - Statistics

General Stats
  • This quiz has been taken 443 times
  • The average score is 36 of 104
Answer Stats
Hint Answer % Correct
“Why'd the clown drive over the cup? He wanted to crack him up.” Beppi the Clown, Phase 1
50%
“You lost too soon and I was only half moon.” Hilda Berg, Phase 6
49%
“Even without my feathers, you're in for stormy weather!” Wally Warbles, Phase 3
47%
“So clever, so dapper, ya betta' believe this dice is loaded. Hi-de-ho!” King Dice
46%
“What'd the Balloon animals think of the cup? Quite the gob-let-down!” Beppi the Clown, Phase 2
45%
“You look the fool, falling for the first trick I learnt at genie school.” Djimmi the Great, Phase 1
45%
“Surprise! Forgetting about da boss ain’t wise.” Announcer Snail
44%
“I won't sugarcoat it...you never stood a chance!” Baroness Von Bon Bon
44%
“OBJECTIVE COMPLETE. TARGET SCRAPPED.” Dr. Kahl’s Robot, Phase 1
44%
“You broke our deal...now it's my turn to break you!!!” The Devil, Phase 1
44%
Wish you may, wish you might, your soul is now trapped in the night. Angel and Demon
42%
“Knock knock. Who's there? Charlie. Charlie who? Charlie horse!” Beppi the Clown, Phase 3
42%
“Yer skills be like me buried treasure...just a myth!” Captain Brineybeard
42%
“I'm lean, mean and full of beta-carotene!” Chauncey Chantenay
42%
“MALFUNCTION. MALFUNCTION.” Dr. Kahl’s Robot, Phase 2
42%
“I'm very smashing... even in grave situations!” Goopy Le Grande, Phase 3
42%
“Monkey see, monkey doom.” Mr. Chimes
42%
“We've had fightin' souls since we've been tiny tadpoles.” Ribby and Croaks, Phase 1
42%
“Hey sugar, this honey is off limits. Now scram.” Rumor Honeybottoms, Phase 2
42%
“Dominate and bombinate -- that's how I bee!” Rumor Honeybottoms, Phase 3
42%
“Please exit stage left during my standing ovation!” Sally Stageplay, Phase 4
42%
“Too little, too late, I dare say that's checkmate!” The Queen
42%
“Who invited you into our tree? Only members are welcome, ya see?” Treetop Trouble
42%
“What do you call a cup that falls off a swing? A tumbler!” Beppi the Clown, Phase 4
41%
“Nowhere to run, nowhere to go. This forest is yer foe!” Forest Follies
41%
“With a face like mine is it a crime to be bouncing all the time?” Goopy Le Grande, Phase 1
41%
“Give up now is my suggestion, lest you give me indigestion.” Glumstone the Giant, Phase 3
40%
“Sorry, I didn't mean to put you in the h-h-h-hot seat...” Grim Matchstick, Phase 2
40%
“You went for broke and now you're croaked!” Ribby and Croaks, Phase 3
40%
“Zat vas easy as eins, zwei, drei!” Werner Werman, Phase 1
40%
“Extreme pollination and total domination!” Cagney Carnation, Phase 2
39%
“You are a cutie...I am not sure if I should catch and release!” Cala Maria, Phase 1
39%
“Do you need to borrow my sarcophagus?” Djimmi the Great, Phase 3
39%
“I've prepared y'all a tomb...right inside my vacuum!” Esther Winchester, Phase 2
39%
“Fitting, isn't it? I'm a blimp -- you're a wimp.” Hilda Berg, Phase 1
39%
“You won't get too far... it has been foretold in the stars.” Hilda Berg, Phase 2
39%
“It’s Aurora Borea-all over for you!” Mortimer Freeze, Phase 3
39%
“I own the air -- I fly where eagles dare!” Wally Warbles, Phase 1
39%
“My dad's the brawn and I'm all brains! Together, we bring the pain.” Willy Warbles
39%
“Hey little guy, it's O.K. if you have to cry.” Ollie Bulb
38%
“You dare to gaze?! How 'bout stone boots so you can swim with the fishes!” Cala Maria, Phase 2
37%
“The Fish Federation and the Crustacean Nation are victorious once again!” Perilous Piers
37%
“Ah-ha! You've noticed that my style is very Russian!” Pirouletta
37%
“A 'W' for me and an 'L' for you!” The Knight
37%
“Fools who attempt to fight this will leave with allergic rhinitis!” Cagney Carnation, Phase 1
36%
“My power grows with much aplomb! Your end is here, upon my palm!” Chef Saltbaker, Phase 2
36%
“I'm a handsome slime bringing pain -- one bounce at a time!” Goopy Le Grande, Phase 2
36%
“Don't m-m-m-misunderstand my flames -- I just meant fun and games.” Grim Matchstick, Phase 1
36%
“One..two..three! You'd b-b-b-etter flee!” Grim Matchstick, Phase 3
36%
“It'll be a hot December before I let you be a member.” Mortimer Freeze, Phase 1
36%
“Doggone! We've got ourselves a good old fashioned honey heist!” Security Bee
36%
“Zis tank iz ze ultimate veapon. You vill not vin!” Werner Werman, Phase 2
36%
“One thing dis nose knows is, youse cups gonna be pushin’ up roses!” Anteater
35%
“Fee fi fo fum, I'm the guardian of this ruined land.” Cyclops
35%
“You thought you were bold, but I'm boulder.” Glumstone the Giant, Phase 1
35%
“Hiss! Hiss! Me-e-e-e-ow!!” Katzenwagen
35%
“...and PRESTO!! The cup has completely disappeared.” Hopus Pocus
34%
“This derby is over and the results are in. Last place...YOU!” Phear Lap
34%
“Go sleep *hic* it off...you look a little *hic* rough!” Tipsy Troop
34%
“Marinate in your defeat while I complete this astral treat!” Chef Saltbaker, Phase 1
33%
“You thought you were top dog, but you never had a sniff.” Fighter Pilot Bulldog
33%
“You did look foolish today, but clown tryouts are next week.” Funfair Fever
33%
“We ain't toyin' around with you, now scram!” Funhouse Frazzle
33%
“Crude and bad, 'cause we're from the wrong side of the lily pad.” Ribby and Croaks, Phase 2
33%
“ICED ALREADY? WHERE PUNY CUPS GO?” Snow Monster
33%
“All aboard!! Next stop -- your funeral.” The Conductor
33%
“Anyone who opposes me will be destroyed!” The Devil, Phase 2
33%
“One by one by one by one, your chance at victory is done!” The Pawns
33%
“HAW-HAW-HAW-HAW-HAW!” The Ship
33%
“Hey, short stack! This ain't a place you wanna be hanging 'round.” Chips Bettigan
32%
“A gal can-tin-joy a moment's peace without you meddlin'.” Esther Winchester, Phase 4
32%
“Sorry! This train is only for the dead...but we can help you with that.” Lollipop Ghouls
32%
“I can see...into the future. You...will be...counting worms.” Blind Specter
31%
“Looks like your skills have gone AWOL, fleabags.” Chinook Pilot Saluki
31%
“I have the perfect equation to hinder yer evasion!” Dr. Kahl
31%
“Buttered, smashed, and mashed. It's over for you.” Sal Spudder
31%
“Holy mackerel! Is that your best effort?” Cala Maria, Phase 3
30%
“Let's be franks here, I'm yer wurst nightmare.” Esther Winchester, Phase 3
30%
“What a glorious night for me to bring the fright!” Head of the Train
30%
“This dance is over, there’s no excuse…you couldn’t handle the giggle juice.” Light Bug
30%
“You set them up, I'll knock them down.” Pip and Dot
30%
“Break a leg...nah, break two!” Sally Stageplay, Phase 1
30%
“One-two punch, you and da cops are eatin’ dirt. Bingo bingo!” Spider Mobster
30%
“Afirm Roger Fox! Afirm Roger Fox!” Yankee Yippers
30%
“I need a new volunteer... this one collapsed in fear!” Djimmi the Great, Phase 5
29%
“Delicious and vicious, while maliciously nutritious.” Muffsky Chernikov
28%
“Stay away from center stage or succumb to the power of a starlet's rage!” Sally Stageplay, Phase 2
28%
“Good riddance -- go away! It is time for my soliloquy.” Sally Stageplay, Phase 3
28%
“Straight off the iron and too hot to handle!” Sir Waffington III
28%
“The mark of my salinity shall scar thy fired glaze!” Chef Saltbaker, Phase 4
27%
“That beating was for free -- no strings attached!” Cuppet
27%
“Looks like you could use some fresh air.” Mr. Wheezy
27%
“You'll never best a bluff, persevere a peak, or curb a cliff -- just give up now!” Rugged Ridge
27%
“Beating you was pretty straightforward!” The Rook
27%
“Your futile efforts were in vain, this world will be my salt domain.” Chef Saltbaker, Phase 3
26%
“For me, a sweet tooth is fiendishly uncouth!” Kernel Von Pop
26%
“How's the jaw, ol' chum?” Lord Gob Packer
26%
“I've got you beat from every angle!” The Bishop
26%
“You really didn't stack up.” Djimmi the Great, Phase 2
24%
“You foolish cups could not best me, even with my wishes three!” Djimmi the Great, Secret Phase
23%
“I chew 'em up and spit 'em out.” Sargent Gumbo Gumbull
23%
“Y'all took quite the fall...I s'pose it's last call!” Esther Winchester, Phase 1
20%
“Fault, scratch and choke -- are you trying to hustle me?” Mangosteen
20%
“Ah, such a delightful treat... I had a hand in your defeat!” Glumstone the Giant, Phase 2
16%
No matching quizzes found
Score Distribution
Percent of People with Each Score
Percentile by Number Answered
Your Score History
You have not taken this quiz